000
00267nam a2200097Ia 4500
082
_a
ETF COOK
245
0
_a
What would Emma do?
100
_a
Cook, Eileen New York, 2009 1st Simon Pulse ed
_9
76475
942
_c
BK
008
210817s9999 xx 000 0 und d
999
_c
254688
_d
254687